000 00553nam a2200181Ia 4500
003 GCL
008 140319s9999 xx 000 0 ara d
040 _aGCL /
_cGCL
082 0 4 _a928.1
_bن م
100 1 _aنجدة فتحى صفوة
245 1 0 _aمعروف الرصافى /
_cنجدة فتحى صفوة
300 _a111 ص
490 _aسلسلة الاعمال المجهولة
_v0
650 0 4 _aمعروف الرصافى
650 0 4 _aالشعراء العراقيون
650 0 4 _aالادباء العرب - تراجم
942 _2ddc
_cBK
999 _c47850
_d47850